Szczegóły MARC21

Podstawy ekonomii : podręcznik /

005 -DATA I CZAS OSTATNIEJ MODYFIKACJI [,]
    • @
    • pole kontrolne
    • 20100831144221.0
020 -Międzynarod. znormalizowany nr książki - ISBN [ , ]
    • a
    • Numer ISBN
    • 9788372513708 Find
040 -Instytucja sporządzająca opis [ , ]
    • a
    • Instytucja, która sporządziła opis (NP)
    • SZCZ U/SA
    • c
    • Instytucja, która sporządziła rekord (NP)
    • SZCZ U/SA
    • d
    • Instytucja, która zmodyfikowała rekord (P)
    • SZCZ U/AP
041 -Język dokumentu [0, ]
    • a
    • Język tekstu (P)
    • polski
044 -Kraj miejsca wydania [ , ]
    • a
    • Kraj miejsca wydania
    • Polska
942 -Rodzaj dokumentu [ , ]
    • c
    • Rodzaj dokumentu
    • Książka
100 -Hasło główne - nazwa osobowa [1, ]
    • 9
    • KHW
    • 623633
    • a
    • Nazwa osobowa (NP)
    • Mierzejewska-Majcherek, Janina
    • d
    • Daty biograficzne (NP)
    • (1960- ).
245 -Strefa tytułu i oznaczenia odpowiedzialności [1,0]
    • a
    • Tytuł
    • Podstawy ekonomii : Find
    • b
    • Ciąg dalszy tytułu (NP)
    • podręcznik / Find
    • c
    • Pozostałe elementy strefy tytułu i oznaczenia odpowiedzialności (NP)
    • Janina Mierzejewska-Majcherek.
260 -Strefa adresu wydawniczego [ , ]
    • a
    • Miejsce wydania (P)
    • Warszawa :
    • b
    • Nazwa wydawcy (P)
    • Centrum Doradztwa i Informacji Difin,
    • c
    • Data wydania (P)
    • 2007.
300 -Strefa opisu fizycznego [ , ]
    • a
    • Określenie formy książki i/lub objętość (NP)
    • 326 s. :
    • b
    • Oznaczenie ilustracji (NP)
    • il. ;
    • c
    • Format (NP)
    • 23 cm.
490 -Strefa serii i książki wielotomowej - forma nie do wyszukiwania [1, ]
    • a
    • Tytuł (P)
    • E Edukacja Find
830 -Hasło dodatkowe serii i opisu książki wielotomowej - tytuł ujednolicony/tytuł [ ,0]
    • 9
    • KHW
    • 1710
    • a
    • Tytuł ujednolicony/tytuł (NP)
    • Edukacja - Difin
504 -Uwaga dot. bibliogr. załącznikowej [ , ]
    • a
    • Uwaga dot. bibliografii załącznikowej
    • Bibliogr.
080 -Uniwersalna Klasyfikacja Dziesiętna [ , ]
    • 2
    • Identyfikator wydania tablic
    • UDC-P058
    • 9
    • UKD
    • 2940
    • a
    • Symbol klasyfikacji
    • 33
    • b
    • Dopowiedzenie
    • Nauki ekonomiczne. Gospodarka. Ekonomia.
    • 4
    • UKD2
    • 16523
    • x
    • Poddział wspólny
    • (073.3)
    • c
    • Dopowiedzenie poddz. wspólnego
    • (Programy dla szkół średnich.)
980 -Symbol UKD [ , ]
    • a
    • UKD
    • 33(073.3)
920 -ISBN [ , ]
    • a
    • ISBN
    • 978-83-7251-370-8 Find
Lokalizacja Data inwentaryzacji Numer inwentarzowy Status udost.
T2008-03-17T.9920-2